le jeu du gagnant - Statistiques

Statistiques générales
  • Ce quiz a été pris 1 136 fois
    1 134 depuis la dernière actualisation
  • Le résultat moyen est 32 sur 63
Statistiques - réponses
lettre % Correct
p
100%
o
98%
u
97%
r
96%
g
94%
a
93%
g
89%
e
87%
n
87%
r
85%
i
80%
l
80%
f
79%
a
78%
t
77%
u
77%
g
67%
a
66%
g
65%
e
64%
n
64%
r
62%
e
60%
n
57%
e
53%
n
53%
p
50%
e
49%
r
49%
d
48%
a
47%
n
46%
p
45%
t
45%
a
44%
s
44%
e
43%
t
41%
e
40%
n
39%
p
36%
l
35%
u
35%
s
34%
i
31%
l
31%
f
30%
a
29%
u
28%
t
27%
e
26%
t
25%
e
24%
r
24%
v
22%
a
21%
i
21%
n
20%
q
20%
u
19%
e
18%
r
17%
u
17%
Aucun quiz correspondant
Distribution des résultats
% des personnes avec chaque résultat
Percentile par nombre de réponses
Votre historique - résultats
Vous n’avez pas pris ce quiz depuis la dernière actualisation